000 00373nam a2200133Ia 4500
008 151001s9999||||xx |||||||||||||| ||und||
100 _aप्रिया तेंडूलकर
245 _aजन्मलेल्या प्रत्येकाला
250 _a1
260 _bडिंपल
260 _c1998
300 _a203
365 _b21
999 _c968932
_d968929